NUMERICAL PROBLEMS IN PHYSICS. (Record no. 8227)
[ view plain ]
| 000 -LEADER | |
|---|---|
| fixed length control field | 00454cam a2200193ua 4500 |
| 008 - FIXED-LENGTH DATA ELEMENTS--GENERAL INFORMATION | |
| fixed length control field | 160624n1994 II |||gr||||Z||||||eng |
| 040 ## - CATALOGING SOURCE | |
| Original cataloging agency | MAIN |
| 041 ## - LANGUAGE CODE | |
| -- | English |
| 082 ## - DEWEY DECIMAL CLASSIFICATION NUMBER | |
| Classification number | 530 |
| 100 ## - MAIN ENTRY--PERSONAL NAME | |
| Personal name | LAL, BRIJ. |
| 245 ## - TITLE STATEMENT | |
| Title | NUMERICAL PROBLEMS IN PHYSICS. |
| 250 ## - EDITION STATEMENT | |
| Edition statement | 2ND REP. |
| 260 ## - PUBLICATION, DISTRIBUTION, ETC. | |
| Place of publication, distribution, etc. | NEW DELHI |
| Name of publisher, distributor, etc. | S.CHAND & COMPANY |
| Date of publication, distribution, etc. | 1994 |
| 300 ## - PHYSICAL DESCRIPTION | |
| Extent | 539: |
| Dimensions | 25CM. |
| 700 ## - ADDED ENTRY--PERSONAL NAME | |
| Personal name | LAL, BRIJ., |
| Relator term | Author. |
| 700 ## - ADDED ENTRY--PERSONAL NAME | |
| Personal name | SUBRAMANIAM, N. |
| 942 ## - ADDED ENTRY ELEMENTS (KOHA) | |
| Koha item type | Books |
| Withdrawn status | Lost status | Damaged status | Not for loan | Collection code | Home library | Current library | Shelving location | Date acquired | Full call number | Barcode | Date last seen | Copy number | Price effective from | Koha item type | Public note |
|---|---|---|---|---|---|---|---|---|---|---|---|---|---|---|---|
| TBPHY | Central Library and Information Centre Sibsagar Girls College | Central Library and Information Centre Sibsagar Girls College | PHYSICS BOOK RACK | 23.06.1998 | 530 | 15561 | 27.02.2020 | 1 | 27.02.2020 | Books | V | ||||
| TBPHY | Central Library and Information Centre Sibsagar Girls College | Central Library and Information Centre Sibsagar Girls College | PHYSICS BOOK RACK | 23.06.1998 | 530 | 15562 | 27.02.2020 | 2 | 27.02.2020 | Books | V |